Drawing new blood (Record no. 85124)

MARC details
000 -LEADER
fixed length control field 00894cab a22002295a 4500
001 - CONTROL NUMBER
control field L160008
008 - FIXED-LENGTH DATA ELEMENTS--GENERAL INFORMATION
fixed length control field 150113e2016 xxk 000 0 eng d
035 ## - SYSTEM CONTROL NUMBER
System control number (Sirsi) u160008
041 0# - LANGUAGE CODE
Language code of text/sound track or separate title eng
050 ## - LIBRARY OF CONGRESS CALL NUMBER
Classification number 333.00711
100 1# - MAIN ENTRY--PERSONAL NAME
Personal name Charlesworth, Alex
245 00 - TITLE STATEMENT
Title Drawing new blood
Medium [electronic resource]
260 ## - PUBLICATION, DISTRIBUTION, ETC.
Place of publication, distribution, etc. London
Name of publisher, distributor, etc. RICS
Date of publication, distribution, etc. 2016
490 ## - SERIES STATEMENT
Series statement RICS Building Surveying Journal
Volume/sequential designation July 2016 - August 2016, 24-25(2)
520 ## - SUMMARY, ETC.
Summary, etc. Explains why it is vital to recruit a new generation of building surveyors.
650 24 - SUBJECT ADDED ENTRY--TOPICAL TERM
Topical term or geographic name entry element ABOUT RICS
650 24 - SUBJECT ADDED ENTRY--TOPICAL TERM
Topical term or geographic name entry element CAREERS, EDUCATION AND TRAINING
690 ## - LOCAL SUBJECT ADDED ENTRY--TOPICAL TERM (OCLC, RLIN)
Topical term or geographic name as entry element FUTURE OF THE PROFESSION
856 40 - ELECTRONIC LOCATION AND ACCESS
Uniform Resource Identifier <a href="https://www.rics.org/Global/BSJ%20BCJ%20July%20August%202016.pdf">https://www.rics.org/Global/BSJ%20BCJ%20July%20August%202016.pdf</a>
Public note View the article free of charge at www.rics.org...
856 40 - ELECTRONIC LOCATION AND ACCESS
Uniform Resource Identifier <a href="https://www.rics.org/Global/BSJ%20BCJ%20July%20August%202016.pdf">https://www.rics.org/Global/BSJ%20BCJ%20July%20August%202016.pdf</a>
Link text Available free online via Issuu
942 ## - ADDED ENTRY ELEMENTS (KOHA)
Suppress in OPAC 0
Source of classification or shelving scheme Dewey Decimal Classification
Holdings
Withdrawn status Lost status Source of classification or shelving scheme Damaged status Not for loan Home library Current library Shelving location Date acquired Total Checkouts Full call number Barcode Date last seen Copy number Price effective from Koha item type
    Dewey Decimal Classification     London London Journal article 17/04/2018   L160008 160008-1001 06/08/2019 1 06/08/2019 Journal article